Undead Movies Quiz Stats

 Plays Quiz Updated Mar 25, 2016

Challenge
Share
Tweet
Score 0/20 Timer 05:00
1 Play Today
% Correct
Casper
93.7%
Ghostbusters
93.6%
Beetlejuice
92.5%
The Nightmare Before Christmas
89.8%
Pirates of the Caribbean: Curse of the Black Pearl
89.3%
The Mummy
88.6%
A Nightmare on Elm Street
88%
Ghost
86.1%
Harry Potter and the Half-Blood Prince
86.1%
Shaun of the Dead
82.3%
% Correct
Zombieland
81%
Bride of Frankenstein
78.4%
Lord of the Rings: The Fellowship of the Ring
78.4%
World War Z
70.6%
The Crow
67.9%
The Muppet Christmas Carol
67.5%
Hellraiser
65.8%
Sleepy Hollow
52.2%
Night of the Living Dead
39.3%
Army of Darkness
25%

You're not logged in!

Compare scores with friends on all Sporcle quizzes.
OR
Log In

You Might Also Like...

Show Comments

Extras

Top Quizzes Today


Score Distribution

Your Account Isn't Verified!

In order to create a playlist on Sporcle, you need to verify the email address you used during registration. Go to your Sporcle Settings to finish the process.

Report this User

Report this user for behavior that violates our Community Guidelines.

Details: